The Long Term Upper Ocean Study (Lotus) : cruise summary and hydrographic data report, Oceanus 129--October 1982 /

Bibliographic Details
Main Author: Trask, Richard P.
Corporate Authors: Woods Hole Oceanographic Institution, United States. Office of Naval Research
Other Authors: Briscoe, Melbourne G.
Format: Book
Language:English
Published: Woods Hole, Mass. : Woods Hole Oceanographic Institution, 1983.
Series:Woods Hole Oceanographic Institution (Series) ; no. 83-29.
Technical report (Woods Hole Oceanographic Institution)
Subjects:

MARC

Tag First Indicator Second Indicator Subfields
LEADER 00000cam a2200000Ka 4500
001 in00002007488
005 20151031142559.0
008 861217s1983 mau b 000 0 eng d
035 |a (OCoLC)ocm14984911 
040 |a EJB  |c EJB  |d UtOrBLW 
049 |a TXAM 
090 |a GC1  |b .W582 no.83-29 
100 1 |a Trask, Richard P. 
245 1 4 |a The Long Term Upper Ocean Study (Lotus) :  |b cruise summary and hydrographic data report, Oceanus 129--October 1982 /  |c by Richard P. Trask and Melbourne G. Bricoe. 
264 1 |a Woods Hole, Mass. :  |b Woods Hole Oceanographic Institution,  |c 1983. 
300 |a 49 pages :  |b illustrations ;  |c 29 cm. 
336 |a text  |b txt  |2 rdacontent 
337 |a unmediated  |b n  |2 rdamedia 
338 |a volume  |b nc  |2 rdacarrier 
490 1 |a WHOI ;  |v 83-29.  |a Technical report 
536 |a "Prepared for the Office of Naval Research under contract N00014-76-C-0197; NR 083-400." 
500 |a "August 1983." 
504 |a Bibliography: page 44. 
650 0 |a Navigation. 
650 0 |a Oceanography. 
700 1 |a Briscoe, Melbourne G. 
710 2 |a Woods Hole Oceanographic Institution. 
710 1 |a United States.  |b Office of Naval Research. 
740 0 |a Cruise summary and hydrographic data report, Oceanus 129, October 1982 : the long term upper ocean study (Lotus). 
730 0 |a Oceanus. 
830 0 |a Woods Hole Oceanographic Institution (Series) ;  |v no. 83-29. 
830 0 |a Technical report (Woods Hole Oceanographic Institution) 
948 |a cataloged  |b h  |c 2004/11/18  |d c  |e cmulkey  |f 8:07:40 am 
994 |a C0  |b TXA 
999 |a MARS 
999 f f |s 99a4d2f5-f9f8-375a-ba7d-cffd1a35edc1  |i f0b9ef11-84f2-30f0-bbe3-5b7eca7e1f12  |t 0 
952 f f |p ric  |a Texas A&M University  |b Rellis Campus  |c Joint Library Facility  |d Remote Storage  |t 0  |e GC1 .W582 no.83-29  |h Library of Congress classification  |i unmediated -- volume  |m A14831601488 
998 f f |a GC1 .W582 no.83-29  |t 0  |l Remote Storage